000 00363 a2200169 4500
001 170357
020 _a85-7319-326-3
040 _cMagnum
100 _aCony, Carlos Heitor
240 1 0 _aO suor e a lágrima
_lpor
245 1 0 _aO suor e a lágrima
300 _a168
362 0 _a2002
440 1 _aDimensão
697 _aLITERATURA JUVENIL
942 _cBK
999 _c170357
_d170357